[Event "10. Lichtenberger Sommer"]
[Site "Berlin"]
[Date "2011.08.17"]
[Round "5.2"]
[White "Kalinitschew, Sergey"]
[Black "Bruedigam, Martin"]
[Result "1/2-1/2"]
[WhiteElo "2431"]
[BlackElo "2322"]
[PlyCount "84"]
[EventDate "2011.??.??"]
[WhiteTeam "SC Kreuzberg e.V."]
[BlackTeam "USV Potsdam e.V., Abt. Schach"]

1. d4 d5 2. c4 e6 3. Nc3 Be7 4. cxd5 exd5 5. Bf4 c6 6. Qc2 Nf6 7. e3 Nh5 8. Be5
Nd7 9. Nf3 Nxe5 10. Nxe5 g6 11. Bd3 Ng7 12. O-O-O Bf5 13. g4 Bxd3 14. Nxd3 Qd7
15. h3 O-O-O 16. Kb1 Kb8 17. Rc1 Bd6 18. Na4 f5 19. Nac5 Qe7 20. gxf5 Nxf5 21.
Qb3 Rhf8 22. Rc2 Bxc5 23. Nxc5 Nd6 24. Rhc1 Ne4 25. Nd3 Ka8 26. Qa4 Rc8 27. b4
Qd7 28. h4 Kb8 29. Qb3 Nd6 30. Ne5 Qf5 31. Ka1 a6 32. a4 Rfe8 33. f4 Nc4 34. b5
axb5 35. axb5 cxb5 36. Qb4 Re6 37. Qxb5 Ra6+ 38. Ra2 Nxe5 39. Rxc8+ Qxc8 40.
Rxa6 Qc1+ 41. Ka2 Qc2+ 42. Ka1 Qc1+ 1/2-1/2

[Event "10. Lichtenberger Sommer"]
[Site "Berlin"]
[Date "2011.08.17"]
[Round "5.4"]
[White "Rabiega, Robert"]
[Black "Heuser, Philip"]
[Result "1/2-1/2"]
[WhiteElo "2507"]
[BlackElo "2146"]
[PlyCount "222"]
[EventDate "2011.??.??"]
[WhiteTeam "SK König Tegel 1949 e.V."]
[BlackTeam "SG Heidelberg-Kirchheim"]

1. e4 c6 2. d4 d5 3. e5 Bf5 4. Nf3 e6 5. Be2 Nd7 6. Nbd2 Ne7 7. Nb3 Qb6 8. O-O
Bg6 9. a4 a6 10. h3 Rc8 11. Bd2 c5 12. dxc5 Nxc5 13. a5 Qc7 14. Nxc5 Qxc5 15.
c3 Qc7 16. b4 Nc6 17. b5 axb5 18. Bxb5 Bc5 19. a6 O-O 20. axb7 Rb8 21. Ba6 Nd8
22. c4 dxc4 23. Ba5 Bb6 24. Bxb6 Qxb6 25. Qd4 Qxd4 26. Nxd4 Be4 27. Rfc1 Nxb7
28. Rxc4 Bd3 29. Rc3 Bxa6 30. Rxa6 Ra8 31. Rb6 Na5 32. Nb5 Rab8 33. Rxb8 Rxb8
34. Nd6 Nb3 35. Rc7 Rf8 36. g4 Nd4 37. Kg2 g5 38. h4 gxh4 39. Rc4 h3+ 40. Kxh3
Nf3 41. Rc5 f6 42. exf6 Rxf6 43. Kg3 Nd4 44. f4 Ne2+ 45. Kf3 Rxf4+ 46. Kxe2
Rxg4 47. Kf3 Rh4 48. Rc7 Kf8 49. Ne4 e5 50. Ng5 h5 51. Ke3 Ke8 52. Nf3 Ra4 53.
Nxe5 h4 54. Rh7 Kf8 55. Kf3 Kg8 56. Rd7 h3 57. Kg3 Ra3+ 58. Nd3 Kf8 59. Kxh3
Ke8 60. Rd4 Ke7 61. Kg3 Ke6 62. Kf3 Kf5 63. Ke3 Rc3 64. Rd5+ Ke6 65. Rh5 Ra3
66. Rb5 Kd6 67. Kd4 Ke6 68. Nf4+ Kf6 69. Ke4 Ra4+ 70. Kf3 Ra3+ 71. Kg4 Ra4 72.
Rf5+ Ke7 73. Kg5 Kd6 74. Kf6 Re4 75. Nd3 Re6+ 76. Kf7 Re7+ 77. Kf8 Re3 78. Nf4
Re4 79. Kf7 Re7+ 80. Kf6 Re4 81. Nd3 Re6+ 82. Kg5 Re3 83. Nb2 Re2 84. Nc4+ Ke6
85. Rc5 Rf2 86. Ne3 Rf3 87. Nf5 Rf1 88. Ra5 Rf2 89. Ne3 Rf3 90. Ra8 Ke5 91.
Ra5+ Ke6 92. Nc2 Rf2 93. Nd4+ Kd6 94. Kg4 Rf1 95. Nf3 Rb1 96. Kf4 Rb4+ 97. Ke3
Rg4 98. Ne5 Rh4 99. Nd3 Rh3+ 100. Ke4 Rh4+ 101. Nf4 Rg4 102. Rf5 Rg1 103. Rf6+
Kc5 104. Nd3+ Kb5 105. Rf5+ Kc6 106. Nb4+ Kd6 107. Rf6+ Kc5 108. Nd3+ Kb5 109.
Kd4 Rg4+ 110. Nf4 Rh4 111. Rf5+ Kc6 1/2-1/2

[Event "10. Lichtenberger Sommer"]
[Site "Berlin"]
[Date "2011.08.17"]
[Round "5.6"]
[White "Meissner, Felix"]
[Black "Klundt, Klaus"]
[Result "1/2-1/2"]
[WhiteElo "2268"]
[BlackElo "2377"]
[PlyCount "105"]
[EventDate "2011.??.??"]
[WhiteTeam "Hamburger SK von 1830 eV"]
[BlackTeam "SC Heusenstamm"]

1. e4 c5 2. Nf3 Nc6 3. d4 cxd4 4. Nxd4 Qb6 5. Nb3 Nf6 6. Nc3 e6 7. Be3 Qc7 8.
a3 a6 9. f4 d6 10. Be2 b5 11. Bf3 Bb7 12. O-O Be7 13. Qe2 O-O 14. Rae1 Rac8 15.
g4 Nd7 16. Qf2 Na5 17. Nxa5 Qxa5 18. g5 b4 19. axb4 Qxb4 20. Bd2 Bd8 21. Nd1
Qa4 22. b3 Qc6 23. c4 Nc5 24. e5 Qd7 25. Qg2 Rb8 26. exd6 Nxb3 27. Bc3 Bxf3 28.
Rxf3 Qxd6 29. Ne3 Qc5 30. Kh1 Ba5 31. Ng4 Bxc3 32. Rxc3 Nd4 33. Nf6+ Kh8 34.
Nd7 Qb4 35. Rcc1 Nb3 36. Rb1 a5 37. c5 Rfc8 38. Nxb8 Qxb8 39. Qe4 Qb5 40. f5 a4
41. fxe6 fxe6 42. Qxe6 Qxc5 43. Re5 Qf8 44. Rf5 Qg8 45. Qxg8+ Kxg8 46. Rf4 Ra8
47. Rb4 Kf7 48. Kg2 Kg6 49. h4 h6 50. gxh6 Kxh6 51. Kh3 g6 52. Kg4 Ra6 53. Kh3
1/2-1/2

[Event "10. Lichtenberger Sommer"]
[Site "Berlin"]
[Date "2011.08.17"]
[Round "5.7"]
[White "Foerster, Jonas"]
[Black "Muse, Drazen"]
[Result "0-1"]
[WhiteElo "2230"]
[BlackElo "2381"]
[PlyCount "86"]
[EventDate "2011.??.??"]
[WhiteTeam "SSC Rostock 07"]
[BlackTeam "SK König Tegel 1949 e.V."]

1. d4 Nf6 2. Nf3 d6 3. Nc3 Bg4 4. e4 e6 5. Be2 Be7 6. Be3 c6 7. a4 d5 8. Nd2
Bxe2 9. Qxe2 Bb4 10. e5 Nfd7 11. Qg4 Kf8 12. O-O h5 13. Qe2 Kg8 14. Na2 Bxd2
15. Qxd2 c5 16. c3 Nc6 17. b3 Rc8 18. Rfb1 Qh4 19. f3 Qe7 20. Rc1 Na5 21. Rab1
c4 22. bxc4 Nxc4 23. Qe2 Nxe3 24. Qxe3 Nb6 25. Rb4 Nc4 26. Qf4 h4 27. Rcb1 b6
28. Nc1 Rh5 29. Ne2 Rf5 30. Qc1 f6 31. f4 fxe5 32. dxe5 Rcf8 33. g3 hxg3 34.
hxg3 g5 35. Rxc4 dxc4 36. Qe3 gxf4 37. gxf4 Qh4 38. a5 Qg4+ 39. Qg3 Rxf4 40.
axb6 axb6 41. Qxg4+ Rxg4+ 42. Kh2 Rg6 43. Nd4 Rf7 0-1

[Event "10. Lichtenberger Sommer"]
[Site "Berlin"]
[Date "2011.08.17"]
[Round "5.9"]
[White "Lagunow, Alexander"]
[Black "Fischer, Daniel"]
[Result "1-0"]
[WhiteElo "2434"]
[BlackElo "2109"]
[PlyCount "35"]
[EventDate "2011.??.??"]
[WhiteTeam "TuS Makkabi Berlin e.V."]
[BlackTeam "SK Oberkirch"]

1. Nf3 d6 2. d4 g6 3. g3 Bg7 4. Bg2 c5 5. O-O cxd4 6. Nxd4 Qb6 7. Nb3 Nc6 8.
Nc3 Nf6 9. a4 Na5 10. Ra3 O-O 11. Bg5 Be6 12. Nxa5 Qxa5 13. Qd2 Qb4 14. Rb1
Rac8 15. a5 d5 16. Be3 a6 17. Rb3 Qxa5 18. Bb6 1-0

[Event "10. Lichtenberger Sommer"]
[Site "Berlin"]
[Date "2011.08.17"]
[Round "5.10"]
[White "Sevian, Armen"]
[Black "Hein, Erwin"]
[Result "1-0"]
[WhiteElo "2208"]
[BlackElo "2145"]
[PlyCount "83"]
[EventDate "2011.??.??"]
[WhiteTeam "vereinslos"]
[BlackTeam "Freier Sportverein von 1898 Dort"]

1. d4 Nf6 2. c4 e6 3. Nc3 d5 4. Nf3 Be7 5. e3 O-O 6. Bd3 b6 7. O-O Bb7 8. Qe2
Nbd7 9. e4 dxe4 10. Nxe4 Nxe4 11. Bxe4 Bxe4 12. Qxe4 Nf6 13. Qe2 c5 14. dxc5
Bxc5 15. Bg5 Be7 16. Bf4 Qc8 17. Rad1 Qc5 18. Nd4 Rac8 19. b3 Rfd8 20. Be3 Qe5
21. Qf3 Bd6 22. g3 Qe4 23. Qxe4 Nxe4 24. Nb5 Bb8 25. f3 Nc5 26. Nd4 Rd7 27. b4
Nb7 28. c5 bxc5 29. bxc5 Rd5 30. Nb3 Kf8 31. Rxd5 exd5 32. Rd1 a5 33. a4 Ke7
34. Rxd5 Ba7 35. Re5+ Kd8 36. Kf1 Rc6 37. Ke2 f6 38. Rd5+ Ke7 39. Kd3 Ke6 40.
Kc4 Nd6+ 41. Rxd6+ Rxd6 42. Nd4+ 1-0

[Event "10. Lichtenberger Sommer"]
[Site "Berlin"]
[Date "2011.08.17"]
[Round "5.12"]
[White "Kohler, Thomas"]
[Black "Hahlbohm, Matthias"]
[Result "1-0"]
[WhiteElo "2255"]
[BlackElo "2075"]
[PlyCount "71"]
[EventDate "2011.??.??"]
[WhiteTeam "SC Zitadelle Spandau 1977 e.V."]
[BlackTeam "TSG Oberschöneweide e.V."]

1. c4 c5 2. g3 Nc6 3. Bg2 Nf6 4. Nc3 g6 5. e4 Bg7 6. Nge2 O-O 7. O-O d6 8. d3
a6 9. h3 Rb8 10. a4 Ne8 11. Be3 Nc7 12. d4 cxd4 13. Nxd4 Na5 14. b3 Bd7 15.
Nde2 Ne6 16. f4 b5 17. axb5 axb5 18. f5 Nc5 19. f6 Bxf6 20. Rxf6 Ncxb3 21. Rf2
Nxa1 22. Qxa1 Nxc4 23. Bh6 Re8 24. Nd5 Ne5 25. Nd4 Ra8 26. Qb1 Qa5 27. Nb3 Qa7
28. Be3 Qb7 29. Nd4 Bc6 30. Nxc6 Nxc6 31. e5 Ra3 32. exd6 Qa6 33. Kh2 Rxe3 34.
Nxe3 exd6 35. Ng4 Re7 36. Ra2 1-0

[Event "10. Lichtenberger Sommer"]
[Site "Berlin"]
[Date "2011.08.17"]
[Round "5.14"]
[White "Kutzner, Stephen"]
[Black "Jahnz, Fabian"]
[Result "0-1"]
[WhiteElo "2089"]
[BlackElo "2211"]
[PlyCount "78"]
[EventDate "2011.??.??"]
[WhiteTeam "SC 1950 Remagen"]
[BlackTeam "SK König Tegel 1949 e.V."]

1. d4 d5 2. c4 dxc4 3. Nf3 Nf6 4. e3 Bg4 5. Bxc4 e6 6. O-O a6 7. a4 Nc6 8. h3
Bh5 9. Nbd2 Bd6 10. Qe2 O-O 11. Rd1 Qe7 12. Nf1 Rad8 13. e4 Bxf3 14. Qxf3 e5
15. d5 Nd4 16. Qd3 Nd7 17. Ng3 Nc5 18. Qc3 b5 19. axb5 axb5 20. Bf1 Qh4 21. Nf5
Nxf5 22. exf5 b4 23. Qe3 Qh5 24. Bd2 Rb8 25. Rdc1 Nd7 26. Bd3 Nf6 27. Ra5 Ra8
28. Rca1 Rxa5 29. Rxa5 e4 30. Be2 Qxf5 31. Qg5 Qd7 32. Bb5 Qe7 33. Be3 h6 34.
Qh4 Qe5 35. b3 Qh2+ 36. Kf1 Qh1+ 37. Ke2 Qxg2 38. Bc6 Qf3+ 39. Kd2 Be5 0-1

[Event "10. Lichtenberger Sommer"]
[Site "Berlin"]
[Date "2011.08.17"]
[Round "5.16"]
[White "Kapr, Klaus"]
[Black "Niehaus, Frank"]
[Result "1/2-1/2"]
[WhiteElo "2058"]
[BlackElo "2190"]
[PlyCount "48"]
[EventDate "2011.??.??"]
[WhiteTeam "SC Friesen Lichtenberg e.V."]
[BlackTeam "SK König Tegel 1949 e.V."]

1. e4 c5 2. Nf3 d6 3. d4 cxd4 4. Nxd4 Nf6 5. Nc3 g6 6. Be3 Bg7 7. Be2 O-O 8.
O-O Nc6 9. h3 Bd7 10. Qd2 Nxd4 11. Bxd4 Bc6 12. f3 Nd7 13. Bxg7 Kxg7 14. Rad1
Qb6+ 15. Qd4+ Qxd4+ 16. Rxd4 a6 17. Nd5 Bxd5 18. Rxd5 Rac8 19. c4 Rc6 20. Rfd1
f5 21. exf5 Rxf5 22. b3 Rc5 23. Rxc5 Rxc5 24. Kf2 a5 1/2-1/2

[Event "10. Lichtenberger Sommer"]
[Site "Berlin"]
[Date "2011.08.17"]
[Round "5.19"]
[White "Jaeger, Andre"]
[Black "Dimitrijeski, Kristian"]
[Result "0-1"]
[WhiteElo "2044"]
[BlackElo "2198"]
[PlyCount "60"]
[EventDate "2011.??.??"]
[WhiteTeam "SC Rochade e.V."]
[BlackTeam "SK König Tegel 1949 e.V."]

1. d4 d5 2. c4 c6 3. cxd5 cxd5 4. Nc3 e5 5. dxe5 d4 6. Ne4 Qa5+ 7. Nd2 Nc6 8.
Ngf3 Bg4 9. Qb3 Rb8 10. e4 dxe3 11. fxe3 Bxf3 12. gxf3 Qxe5 13. Bc4 Nh6 14. f4
Qf6 15. O-O Bc5 16. Kh1 Qe7 17. Nf3 O-O 18. Ng5 Na5 19. Qc2 g6 20. Bd5 Bxe3 21.
Bxe3 Qxe3 22. Rae1 Qd4 23. Rd1 Qb6 24. Qg2 Nf5 25. Qh3 h6 26. Nxf7 Rxf7 27. Rg1
Kf8 28. Bxf7 Kxf7 29. Rd7+ Kg8 30. Qxf5 Qxg1+ 0-1

[Event "10. Lichtenberger Sommer"]
[Site "Berlin"]
[Date "2011.08.17"]
[Round "5.20"]
[White "Noetzel, Felix"]
[Black "Kornrumpf, Joachim"]
[Result "0-1"]
[WhiteElo "2090"]
[BlackElo "2099"]
[PlyCount "126"]
[EventDate "2011.??.??"]
[WhiteTeam "SC Borussia Friedrichsfelde 1920"]
[BlackTeam "Preetzer TSV"]

1. e4 c5 2. d4 cxd4 3. c3 d3 4. Bxd3 d6 5. Nf3 Nc6 6. O-O Nf6 7. Bg5 e5 8. Qe2
Be7 9. Rd1 O-O 10. h3 Qc7 11. Nbd2 Be6 12. Nc4 Rad8 13. Ne3 h6 14. Bxf6 Bxf6
15. Rd2 Rfe8 16. Bc4 Qc8 17. Rad1 Be7 18. Bd5 Bf8 19. Nh4 Ne7 20. Qb5 Nxd5 21.
Nxd5 Qc6 22. Qd3 Kh8 23. Qf3 Bxd5 24. Rxd5 Kg8 25. Nf5 Re6 26. Qe3 a6 27. h4
Kh7 28. Qe2 g6 29. Ne3 Qc7 30. c4 Be7 31. g3 Rc8 32. c5 dxc5 33. Rd7 Qc6 34.
Qd3 c4 35. Qd5 Kg7 36. h5 Bg5 37. hxg6 Qxd5 38. Nxd5 Rxg6 39. Rxb7 h5 40. Nc3
h4 41. Rdd7 Rf8 42. g4 Bf4 43. f3 h3 44. Nd5 Bg5 45. Kh2 Rh6 46. Rdc7 Bh4 47.
Rxc4 Bg3+ 48. Kh1 h2 49. Rd7 Rh3 50. Rc2 Rfh8 51. Ne3 Be1 52. Nf5+ Kg6 53. Rd3
Kg5 54. Rc1 Bf2 55. b4 Kf4 56. Rcc3 Be1 57. Rb3 Rc8 58. Ne7 Rc1 59. Nd5+ Kg5
60. f4+ Kxg4 61. Nf6+ Kxf4 62. Rxh3 Bg3+ 63. Kg2 Rg1# 0-1

[Event "10. Lichtenberger Sommer"]
[Site "Berlin"]
[Date "2011.08.17"]
[Round "5.21"]
[White "Schreyer, Oliver"]
[Black "Richter, Goetz"]
[Result "1-0"]
[WhiteElo "2130"]
[BlackElo "2045"]
[PlyCount "63"]
[EventDate "2011.??.??"]
[WhiteTeam "Schachverein 1949 Herzogenrath"]
[BlackTeam "Klub Kölner Schachfreunde e.V. 1"]

1. d4 Nf6 2. Nf3 e6 3. e3 b6 4. Bd3 Bb7 5. O-O d6 6. Nbd2 Nbd7 7. c4 g6 8. b3
Bg7 9. Bb2 O-O 10. Qc2 c5 11. Rad1 Rc8 12. Qb1 Qc7 13. Rc1 Rfd8 14. Rfd1 Nf8
15. Ne4 Nxe4 16. Bxe4 f5 17. Bxb7 Qxb7 18. dxc5 bxc5 19. Bxg7 Qxg7 20. Rd2 Kf7
21. Rcd1 Ke7 22. e4 Qf6 23. b4 Rb8 24. b5 g5 25. exf5 g4 26. Ne1 Qxf5 27. Qxf5
exf5 28. Rd5 Ke6 29. Nd3 Ng6 30. Nxc5+ Ke7 31. Re1+ Kf6 32. Re6+ 1-0

[Event "10. Lichtenberger Sommer"]
[Site "Berlin"]
[Date "2011.08.17"]
[Round "5.22"]
[White "Zschaebitz, Klaus"]
[Black "Penner, Markus"]
[Result "1/2-1/2"]
[WhiteElo "2088"]
[BlackElo "1949"]
[PlyCount "79"]
[EventDate "2011.??.??"]
[WhiteTeam "BSG 1827 Eckbauer e.V."]
[BlackTeam "SK Zehlendorf e.V."]

1. d4 Nf6 2. c4 g6 3. g3 Bg7 4. Bg2 d6 5. Nc3 O-O 6. Nf3 Nbd7 7. O-O e5 8. e4
exd4 9. Nxd4 Re8 10. Re1 Ng4 11. h3 Qf6 12. hxg4 Qxd4 13. Qxd4 Bxd4 14. Nd5 Bb6
15. Be3 c6 16. Bxb6 cxd5 17. Bc7 dxc4 18. Bxd6 Ne5 19. g5 Bg4 20. Re3 Rad8 21.
Bb4 Rd3 22. Rae1 Nf3+ 23. Bxf3 Bxf3 24. e5 Red8 25. Kh2 h6 26. gxh6 Kh7 27. Be7
R8d4 28. Bf6 Rd5 29. Kh3 Kxh6 30. g4 g5 31. Kg3 Rxe3 32. Rxe3 Bd1 33. e6 fxe6
34. Rxe6 Rd3+ 35. Kh2 Bxg4 36. Re4 Bf3 37. Rxc4 g4 38. a4 Kg6 39. Bc3 Kf5 40.
Rd4 1/2-1/2

[Event "10. Lichtenberger Sommer"]
[Site "Berlin"]
[Date "2011.08.17"]
[Round "5.23"]
[White "Kupfer, Michael"]
[Black "Schleich, Theodor"]
[Result "1-0"]
[WhiteElo "2049"]
[BlackElo "2120"]
[PlyCount "41"]
[EventDate "2011.??.??"]
[WhiteTeam "SC Friesen Lichtenberg e.V."]
[BlackTeam "FC Bayern München e.V."]

1. c4 b6 2. Nc3 Bb7 3. e4 e6 4. Nge2 Nf6 5. d3 d5 6. cxd5 exd5 7. e5 Nfd7 8. d4
c5 9. f4 Nc6 10. a3 cxd4 11. Nb5 d3 12. Ng3 a6 13. Nc3 Nc5 14. Bxd3 Be7 15. O-O
O-O 16. Rf3 Nd4 17. Bxh7+ Kh8 18. Rd3 Nxd3 19. Qh5 Ne2+ 20. Ncxe2 Bc5+ 21. Kf1
1-0

[Event "10. Lichtenberger Sommer"]
[Site "Berlin"]
[Date "2011.08.17"]
[Round "5.24"]
[White "Kollberg, Lothar"]
[Black "Tscheuschner, Georg"]
[Result "1-0"]
[WhiteElo "2237"]
[BlackElo "1837"]
[PlyCount "107"]
[EventDate "2011.??.??"]
[WhiteTeam "SC Rotation Pankow e.V."]
[BlackTeam "SG Grün-Weiß Baumschulenweg e.V."]

1. d4 d5 2. c4 e5 3. dxe5 d4 4. Nf3 Nc6 5. g3 Bg4 6. Bg2 Qd7 7. O-O Nge7 8. Qb3
O-O-O 9. Rd1 Bh3 10. Bg5 Bxg2 11. Kxg2 h6 12. Bxe7 Qxe7 13. Na3 Nxe5 14. Rxd4
Rxd4 15. Nxd4 h5 16. h3 h4 17. Qe3 g5 18. g4 Ng6 19. Qxe7 Nf4+ 20. Kf3 Bxe7 21.
Nac2 Rd8 22. e3 Nd3 23. b3 Bf6 24. Ke2 Nxf2 25. Kxf2 c5 26. Rd1 Be5 27. Ke2
cxd4 28. Nxd4 a6 29. Nf3 Rxd1 30. Kxd1 Bf6 31. Ke2 Kd7 32. Kd3 Ke6 33. Ke4 Bd8
34. Nd4+ Kd6 35. b4 b6 36. b5 a5 37. Nc6 Bc7 38. Kd4 f5 39. Ne5 Ke6 40. gxf5+
Kxf5 41. Ng4 Bd6 42. Kd3 Bc5 43. Ke2 Bf8 44. Kf3 Be7 45. Nf2 Bd8 46. Nd3 Be7
47. e4+ Ke6 48. Kg4 Kd6 49. Kf5 Kd7 50. e5 Kc7 51. Ne1 Kd7 52. Nf3 Kc7 53. Nxg5
Kd7 54. Ne4 1-0

[Event "10. Lichtenberger Sommer"]
[Site "Berlin"]
[Date "2011.08.17"]
[Round "5.25"]
[White "Witte, Ronald"]
[Black "Cusnariov, Nikolai"]
[Result "0-1"]
[WhiteElo "2063"]
[BlackElo "2143"]
[PlyCount "78"]
[EventDate "2011.??.??"]
[WhiteTeam "BSV 63 Chemie Weißensee"]
[BlackTeam "USV Potsdam e.V., Abt. Schach"]

1. Nf3 c5 2. g3 Nc6 3. Bg2 Nf6 4. O-O e6 5. c4 Be7 6. Nc3 d5 7. cxd5 Nxd5 8. d4
Nxc3 9. bxc3 O-O 10. Rb1 Qc7 11. Qc2 h6 12. Rd1 Rd8 13. e4 b6 14. Bf4 Bd6 15.
e5 Bf8 16. g4 Bb7 17. g5 Ne7 18. gxh6 gxh6 19. Qc1 Nf5 20. Rd3 Be4 21. Qd2 cxd4
22. cxd4 Rac8 23. Rbb3 Bxd3 24. Rxd3 Qc2 25. Bh3 Qxd2 26. Bxd2 Ne7 27. Nh4 Bg7
28. f4 Rc4 29. f5 Rcxd4 30. Rxd4 Rxd4 31. f6 Nd5 32. Nf3 Rd3 33. Kf2 Bf8 34.
Bf1 Ra3 35. Bc4 b5 36. Bb3 Ra6 37. Nd4 Bc5 38. Be3 Nxe3 39. Kxe3 Rc6 0-1

[Event "10. Lichtenberger Sommer"]
[Site "Berlin"]
[Date "2011.08.17"]
[Round "5.26"]
[White "Gremm, Albert Jürgen"]
[Black "Cremer, Jan Paul"]
[Result "0-1"]
[WhiteElo "1906"]
[BlackElo "2033"]
[PlyCount "96"]
[EventDate "2011.??.??"]
[WhiteTeam "SC Kreuzberg e.V."]
[BlackTeam "Schachpinguine Berlin e.V."]

1. d4 Nf6 2. Nc3 d5 3. Bg5 Nbd7 4. e4 dxe4 5. Bc4 h6 6. Bh4 e6 7. Nxe4 Be7 8.
Bxf6 Nxf6 9. Nxf6+ Bxf6 10. c3 O-O 11. Nf3 b6 12. O-O Bb7 13. Re1 Qd6 14. Bd3
Qf4 15. Qd2 Bg5 16. Qxf4 Bxf4 17. Be4 Bxe4 18. Rxe4 Bd6 19. Rae1 c5 20. g3 Rfd8
21. R4e2 Bf8 22. Rd1 c4 23. Ne5 b5 24. f4 Rac8 25. Red2 Rd5 26. Ng4 b4 27. Ne3
Ra5 28. d5 Bc5 29. Kf2 bxc3 30. bxc3 exd5 31. Kf3 Bxe3 32. Kxe3 Re8+ 33. Kf2
Ra3 34. Rc2 Rd8 35. Rd4 Kf8 36. f5 Ke7 37. Kf3 Kd6 38. Kf4 Kc5 39. Rdd2 d4 40.
cxd4+ Rxd4+ 41. Rxd4 Kxd4 42. Rd2+ Rd3 43. Re2 c3 44. Re7 c2 45. Rc7 Rc3 46.
Rd7+ Kc4 47. Rc7+ Kd3 48. Rd7+ Ke2 0-1

[Event "10. Lichtenberger Sommer"]
[Site "Berlin"]
[Date "2011.08.17"]
[Round "5.27"]
[White "Yin, Stanley"]
[Black "Baumbach, Friedrich"]
[Result "1/2-1/2"]
[WhiteElo "1990"]
[BlackElo "2275"]
[PlyCount "44"]
[EventDate "2011.??.??"]
[WhiteTeam "SC Caissa Schwarzenbach"]
[BlackTeam "SC Friesen Lichtenberg e.V."]

1. c4 Nf6 2. Nc3 e5 3. g3 c6 4. d4 exd4 5. Qxd4 d5 6. Bg5 Be7 7. cxd5 cxd5 8.
Rd1 Be6 9. Nf3 Nc6 10. Qa4 O-O 11. Bg2 Qb6 12. Bc1 Rfd8 13. e3 Ne4 14. O-O Nxc3
15. bxc3 Qc5 16. Nd4 Nxd4 17. cxd4 Qb4 18. Qxb4 Bxb4 19. Rd3 b6 20. Ba3 Ba5 21.
Rc1 Rac8 22. Rdd1 f6 1/2-1/2

[Event "10. Lichtenberger Sommer"]
[Site "Berlin"]
[Date "2011.08.17"]
[Round "5.28"]
[White "Groß, Thorsten"]
[Black "Hoppensack, Manfred"]
[Result "1/2-1/2"]
[WhiteElo "2150"]
[BlackElo "2058"]
[PlyCount "47"]
[EventDate "2011.??.??"]
[WhiteTeam "SC Weisse Dame e.V."]
[BlackTeam "SC Friesen Lichtenberg e.V."]

1. e4 e6 2. d4 d5 3. Nd2 Nf6 4. e5 Nfd7 5. f4 c5 6. c3 Nc6 7. Ndf3 Qb6 8. Ne2
f6 9. g3 cxd4 10. cxd4 Bb4+ 11. Bd2 fxe5 12. fxe5 O-O 13. Bg2 Ndxe5 14. dxe5
Nxe5 15. Bxb4 Qxb4+ 16. Kf2 Qe4 17. Rf1 Rxf3+ 18. Bxf3 Qxf3+ 19. Ke1 Qe3 20.
Qb3 Nd3+ 21. Kd1 Nf2+ 22. Ke1 Nd3+ 23. Kd1 Nf2+ 24. Ke1 1/2-1/2

[Event "10. Lichtenberger Sommer"]
[Site "Berlin"]
[Date "2011.08.17"]
[Round "5.29"]
[White "Tiemer, Klaus"]
[Black "Simon, Ralf-Axel"]
[Result "0-1"]
[WhiteElo "1958"]
[BlackElo "2200"]
[PlyCount "68"]
[EventDate "2011.??.??"]
[WhiteTeam "TSG Oberschöneweide e.V."]
[BlackTeam "TSG Neuruppin"]

1. d4 d5 2. c4 e6 3. Nc3 c6 4. cxd5 exd5 5. Bf4 Bd6 6. Bxd6 Qxd6 7. Qb3 Qe7 8.
e3 Bf5 9. Nge2 Nf6 10. Ng3 Bg6 11. Be2 O-O 12. O-O Ne8 13. Rfe1 Nd6 14. Qa3 Nd7
15. Bf3 Nc8 16. Qxe7 Nxe7 17. b4 a6 18. a4 Rfc8 19. Rec1 Nb6 20. Be2 Rc7 21. a5
Nbc8 22. Na4 Nd6 23. f3 Nef5 24. Nf1 Re7 25. Kf2 Rae8 26. Bxa6 bxa6 27. Rxc6
Nb5 28. Nb6 Nxe3 29. Nxe3 Rxe3 30. Nxd5 Re2+ 31. Kg3 R2e6 32. Rac1 Nxd4 33.
Rxe6 Nxe6 34. Nc3 Rc8 0-1

[Event "10. Lichtenberger Sommer"]
[Site "Berlin"]
[Date "2011.08.17"]
[Round "5.30"]
[White "Baranowsky, Peter"]
[Black "Rohde, Wolfgang"]
[Result "0-1"]
[WhiteElo "1989"]
[BlackElo "2176"]
[PlyCount "64"]
[EventDate "2011.??.??"]
[WhiteTeam "Sfrd. Berlin 1903 e.V."]
[BlackTeam "SC Friesen Lichtenberg e.V."]

1. d4 Nf6 2. Nf3 d5 3. e3 Bg4 4. h3 Bh5 5. g4 Bg6 6. Ne5 e6 7. h4 h5 8. Nxg6
fxg6 9. g5 Ne4 10. Bd3 Bd6 11. Rh3 O-O 12. f4 c5 13. Qf3 cxd4 14. Bxe4 dxe4 15.
Qxe4 Kh7 16. exd4 Nc6 17. Nc3 Qb6 18. Ne2 Rae8 19. Rb3 Qa6 20. Bd2 e5 21. dxe5
Nxe5 22. Qxb7 Qxb7 23. Rxb7 Nf3+ 24. Kd1 Rd8 25. Rb3 Bb4 26. Rxf3 Rxd2+ 27. Ke1
Re8 28. a3 Rexe2+ 29. Kf1 Rh2 30. Rg3 Bc5 31. Ke1 Rxc2 32. Kd1 Rhd2+ 0-1

[Event "10. Lichtenberger Sommer"]
[Site "Berlin"]
[Date "2011.08.17"]
[Round "5.31"]
[White "Lerch, Philipp"]
[Black "Koenig, Frank"]
[Result "0-1"]
[WhiteElo "2078"]
[BlackElo "1975"]
[PlyCount "89"]
[EventDate "2011.??.??"]
[WhiteTeam "SK König Tegel 1949 e.V."]
[BlackTeam "BSG 1827 Eckbauer e.V."]

1. e4 c5 2. Nf3 g6 3. d4 cxd4 4. Qxd4 Nf6 5. e5 Nc6 6. Qa4 Nd5 7. Qe4 Nc7 8.
Nc3 Bg7 9. Be3 O-O 10. Be2 b5 11. a3 Rb8 12. O-O Bb7 13. Qh4 Nxe5 14. Nxe5 Bxe5
15. Bxa7 e6 16. Qh3 Ra8 17. Bb6 Qf6 18. f4 Bd4+ 19. Bxd4 Qxd4+ 20. Kh1 Qc5 21.
Rad1 d5 22. Bd3 f5 23. Ne2 b4 24. axb4 Qxb4 25. Qe3 Ba6 26. Qe5 Qb6 27. Bxa6
Rxa6 28. b4 Rc8 29. c3 Nb5 30. h4 Qd8 31. g3 Rc4 32. Nd4 Nxd4 33. cxd4 Rc3 34.
Qe1 Raa3 35. Qxe6+ Kg7 36. Rf2 Re3 37. Qc6 Rxg3 38. Rh2 Rh3 39. Rdd2 Qe7 40.
Qc1 Qe4+ 41. Rdg2 Rae3 42. Rxh3 Rxh3+ 43. Kg1 Qxd4+ 44. Rf2 Rg3+ 45. Kf1 0-1

[Event "10. Lichtenberger Sommer"]
[Site "Berlin"]
[Date "2011.08.17"]
[Round "5.32"]
[White "Kapp, Stefan"]
[Black "Amelang, Thomas"]
[Result "0-1"]
[WhiteElo "1991"]
[BlackElo "2152"]
[PlyCount "132"]
[EventDate "2011.??.??"]
[WhiteTeam "TSV IFA Chemnitz"]
[BlackTeam "SK Siemens München"]

1. b4 d5 2. e3 e5 3. Bb2 Bd6 4. c4 c6 5. h3 Nf6 6. c5 Bc7 7. d4 e4 8. Ne2 a5 9.
a3 axb4 10. axb4 Rxa1 11. Bxa1 Na6 12. Bc3 O-O 13. Na3 Bb8 14. Nc1 Nc7 15. b5
cxb5 16. Nxb5 b6 17. Bb4 bxc5 18. Bxc5 Nxb5 19. Qb3 Qa5+ 20. Bb4 Qa1 21. Bxb5
Qxc1+ 22. Qd1 Qb2 23. Bxf8 Qxb5 24. Bc5 Bc7 25. Qc2 Bd7 26. Kd2 Qa5+ 27. Qc3
Qa2+ 28. Qc2 Qxc2+ 29. Kxc2 h5 30. Ra1 h4 31. Be7 Be6 32. Ra6 Kh7 33. Bd6 Bxd6
34. Rxd6 Kg6 35. Kd2 Kf5 36. Rd8 g5 37. Ke2 Kg6 38. Kf1 Nh5 39. Rd6 Ng7 40. Rb6
f5 41. Kg1 f4 42. Kf1 Kf5 43. Rb8 Nh5 44. Rb6 f3 45. Kg1 Nf6 46. g4+ hxg3 47.
fxg3 Bd7 48. Kf2 Kg6 49. g4 Kf7 50. Kg3 Ke7 51. Rb8 Ne8 52. Kf2 Kd6 53. Rb2 Kc7
54. Ra2 Bc6 55. Kg3 Nd6 56. Kf2 Nb5 57. Rc2 Kb6 58. Rc5 Nd6 59. Rc1 Nc4 60.
Rb1+ Bb5 61. Ra1 Nb2 62. Rb1 Nd3+ 63. Kg3 Kc6 64. Ra1 Bc4 65. Ra7 Nb2 66. Ra1
Be2 0-1

[Event "10. Lichtenberger Sommer"]
[Site "Berlin"]
[Date "2011.08.17"]
[Round "5.33"]
[White "Schmidt, Juergen"]
[Black "Albrecht, Rainer"]
[Result "1/2-1/2"]
[WhiteElo "2024"]
[BlackElo "2125"]
[PlyCount "48"]
[EventDate "2011.??.??"]
[WhiteTeam "SC Kreuzberg e.V."]
[BlackTeam "SC Kreuzberg e.V."]

1. e4 e6 2. d4 d5 3. Nc3 Nc6 4. exd5 exd5 5. Nf3 Nf6 6. Bb5 Bb4 7. O-O O-O 8.
Ne5 Nxe5 9. dxe5 Bxc3 10. bxc3 Ne4 11. Ba3 c5 12. Bd3 Qa5 13. Bxe4 dxe4 14. Bb2
Be6 15. Qe2 Qa4 16. Rfe1 Bd5 17. c4 Qxc4 18. Qxc4 Bxc4 19. Rxe4 Be6 20. a4 Rad8
21. Bc3 Rd7 22. Ree1 Rfd8 23. h3 Bf5 24. Rac1 h5 1/2-1/2